000 00748nam a2200265 i 4500
001 C2-0227713
003 PPAK
005 20180728155053.0
008 000726s2000 my a|||| ||||| | may d
020 _a9832204410
040 _aPPAK
_beng
_cPPAK
_erda
082 0 4 _a398.22
_223
090 0 0 _a398.22
_bWSU
_dK
100 0 _aW.S. Uzala,
_eauthor
245 1 0 _aAli Baba - Pintar tapi malas
264 1 _aKuala Lumpur :
_bPustaka Cita Tinggi ,
_c2000
300 _a54 pages :
_billustrations ;
_c19 cm
336 _2rdacontent
_atext
337 _2rdamedia
_aunmediated
338 _2rdacarrier
_avolume
490 1 _aSiri dongeng teladan
650 1 0 _aFables, Malay ; Folklore - Malay
830 0 _aSiri dongeng teladan
942 _ddc
_cB
999 _c147750
_d147750